ببليوجرافيات : (رقم التسجيلة. 80081)

تفاصيل مارك
000 -الفاتح
عناصر البيانات ثابتة الطول 00696cam a2200193 i 4500
005 - تاريخ ووقت آخر معاملة
حقل ضبط 20251108172451.0
008 - عناصر البيانات ثابتة الطول
عناصر البيانات ثابتة الطول 250721s2000 ua gr 000 0 ara d
020 ## - الترقيم الدولي المعياري للكتب (ردمك)
الترقيم الدولي المعياري للكتب (ردمك) 9772386992
082 14 - رقم تصنيف ديوي العشري
رقم التصنيف 011
رقم المادة ع و د
100 1# - مدخل رئيسي – اسم شخصي
الاسم الشخصي عودة، محمد مكاوي
علاقة الشخص بالعمل/ دوره معد.
245 10 - بيان العنوان
العنوان ببليوجرافيات :
بقية العنوان علم وتطبيق /
بيان المسؤولية اعداد محمد مكاوى عودة.
250 ## - بيان الطبعة
بيان الطبعة الطبعة الاولى.
264 31 - بيانات النشر، التوزيع…إلخ
مكان النشر، التوزيع...إلخ القاهرة :
اسم الناشر، الموزع...إلخ دار الكتاب المصري،
تاريخ النشر، التوزيع...إلخ 2000.
264 31 - بيانات النشر، التوزيع…إلخ
مكان النشر، التوزيع...إلخ بيروت :
اسم الناشر، الموزع...إلخ دار الكتاب اللبنانى،
تاريخ النشر، التوزيع...إلخ 2000.
300 ## - الوصف المادي
عدد الوحدات المكونة للوعاء 135 صفحة.
650 17 - مدخل إضافي بالموضوع - مصطلح موضوعي
مصطلح موضوعي أو اسم جغرافي كعنصر مدخل الببليوغرافيات.
942 ## - بيانات إضافية (كوها)
نوع التنصيف Dewey Decimal Classification
نوع المادة (كوها) كتب
المقتنيات
حالة السحب حالة الفقدان مصدر التصنيف حالة التلف غير قابل للإعارة المكتبة الرئيسية المكتبة الحالية موقع الرف تاريخ التزويد الرقم المتسلسل Total Checkouts رقم الإستدعاء الباركود تاريخ آخر ظهور تاريخ الفاتورة نوع المادة (كوها)
    Dewey Decimal Classification     المكتبة المركزية المكتبة المركزية الإعارة 28/07/2025 1453645   011 / ع و د PLD00172285 28/07/2025 28/07/2025 كتب
Implemented & Customized by: BBB with SCIT (Smart Chains for Information Technology)

Powered by Koha